<?xml version="1.0" encoding="UTF-8"?>
<record
    xmlns:xsi="http://www.w3.org/2001/XMLSchema-instance"
    xsi:schemaLocation="http://www.loc.gov/MARC21/slim http://www.loc.gov/standards/marcxml/schema/MARC21slim.xsd"
    xmlns="http://www.loc.gov/MARC21/slim">

  <leader>01448nam a2200265   4500</leader>
  <controlfield tag="005">20260407152827.0</controlfield>
  <controlfield tag="008">260407b        |||||||| |||| 00| 0 eng d</controlfield>
  <datafield tag="020" ind1=" " ind2=" ">
    <subfield code="a">978826549351</subfield>
  </datafield>
  <datafield tag="040" ind1=" " ind2=" ">
    <subfield code="c">AL</subfield>
  </datafield>
  <datafield tag="041" ind1=" " ind2=" ">
    <subfield code="a">eng</subfield>
  </datafield>
  <datafield tag="082" ind1=" " ind2=" ">
    <subfield code="a">621.38</subfield>
    <subfield code="b">GAGI</subfield>
  </datafield>
  <datafield tag="100" ind1=" " ind2=" ">
    <subfield code="a">Robert M Gagliardi</subfield>
    <subfield code="9">260541</subfield>
  </datafield>
  <datafield tag="245" ind1=" " ind2=" ">
    <subfield code="a">Introduction to communications engineering Ed 2</subfield>
  </datafield>
  <datafield tag="250" ind1=" " ind2=" ">
    <subfield code="a">2</subfield>
  </datafield>
  <datafield tag="260" ind1=" " ind2=" ">
    <subfield code="a">New Delhi</subfield>
    <subfield code="b">Wiley</subfield>
    <subfield code="c">2014</subfield>
  </datafield>
  <datafield tag="300" ind1=" " ind2=" ">
    <subfield code="a">xv,621p</subfield>
    <subfield code="b">PB</subfield>
    <subfield code="c">23x15.5cm</subfield>
  </datafield>
  <datafield tag="365" ind1=" " ind2=" ">
    <subfield code="2">Electronics and Communication Engineering</subfield>
    <subfield code="a">VBI-2645</subfield>
    <subfield code="b">&#x20B9;896.25</subfield>
    <subfield code="c">&#x20B9;</subfield>
    <subfield code="d">&#x20B9;1195.00</subfield>
    <subfield code="e">25%</subfield>
    <subfield code="f">20-02-2026</subfield>
  </datafield>
  <datafield tag="520" ind1=" " ind2=" ">
    <subfield code="a">Presents thorough coverage of the engineering aspects of modern communication systems, paying particular attention to the practical system considerations in the end-to-end construction of a typical communication link. The text is designed to provide readers with a solid background in current terminology, methodology, and procedures. This updated edition places greater emphasis on modern technology and hardware considerations, with integrated treatment of analog and digital systems. Includes new new material on oscillators, frequency generators, mixers, amplifiers, and digital and switching circuitry. Contains new examples and problems.</subfield>
  </datafield>
  <datafield tag="650" ind1=" " ind2=" ">
    <subfield code="a">Carrier Modulation</subfield>
    <subfield code="9">260542</subfield>
  </datafield>
  <datafield tag="650" ind1=" " ind2=" ">
    <subfield code="a">Carrier Transmission</subfield>
    <subfield code="9">260543</subfield>
  </datafield>
  <datafield tag="650" ind1=" " ind2=" ">
    <subfield code="a">Carrier Reception</subfield>
    <subfield code="9">260544</subfield>
  </datafield>
  <datafield tag="650" ind1=" " ind2=" ">
    <subfield code="a">Noncoherent</subfield>
    <subfield code="9">260545</subfield>
  </datafield>
  <datafield tag="650" ind1=" " ind2=" ">
    <subfield code="a">Orthogonal Expansions</subfield>
    <subfield code="9">260546</subfield>
  </datafield>
  <datafield tag="942" ind1=" " ind2=" ">
    <subfield code="2">ddc</subfield>
    <subfield code="c">BK</subfield>
  </datafield>
  <datafield tag="999" ind1=" " ind2=" ">
    <subfield code="c">241167</subfield>
    <subfield code="d">241167</subfield>
  </datafield>
  <datafield tag="952" ind1=" " ind2=" ">
    <subfield code="0">0</subfield>
    <subfield code="1">0</subfield>
    <subfield code="2">ddc</subfield>
    <subfield code="4">0</subfield>
    <subfield code="7">0</subfield>
    <subfield code="8">ECE </subfield>
    <subfield code="a">SE</subfield>
    <subfield code="b">SE</subfield>
    <subfield code="d">2026-04-06</subfield>
    <subfield code="e">Vidyarthi Books, Bengaluru-560076</subfield>
    <subfield code="g">896.25</subfield>
    <subfield code="l">0</subfield>
    <subfield code="o">621.38 GAGI</subfield>
    <subfield code="p">SE000437</subfield>
    <subfield code="r">2026-04-07 15:31:27</subfield>
    <subfield code="v">1195.00</subfield>
    <subfield code="w">2026-02-20</subfield>
    <subfield code="y">BK</subfield>
  </datafield>
</record>
